00421nam a2200157Ia 4500100001900000250000600019942000700025654001300032245005000045260002300095082001500118300000800133546001200141999001700153952009300170 aCeri/ Stefano  a2 cBK acomputer aDistributed Database : Principles & Systems bMc Graw Hillc1984 a5.758bCER a393 aENGLISH c34892d34892 001040708CRCaCRCEbCRCEd2023-03-17l0o5.758 CERp11390r2023-03-17w2023-03-17yBK